| 000 | 00451nam a22001817a 4500 | ||
|---|---|---|---|
| 005 | 20200518102857.0 | ||
| 008 | 200518b xxu||||| |||| 00| 0 eng d | ||
| 020 | _a9798189747373 | ||
| 041 | _aeng | ||
| 082 | _a615.3 | ||
| 100 |
_aSiddiqui Dr. Anees Ahmad _95480 |
||
| 245 | _aA Text Book of Medicinal Chemistry II | ||
| 250 | _a2'nd | ||
| 260 |
_aDelhi _bBirla Publication _c2020 |
||
| 300 | _a372 viii | ||
| 650 |
_aPharmacy _95481 |
||
| 942 | _cBK | ||
| 999 |
_c6257 _d6255 |
||